| 000 | 01328cam a2200349 i 4500 | ||
|---|---|---|---|
| 999 |
_c3636 _d3636 |
||
| 003 | OSt | ||
| 005 | 20200310130505.0 | ||
| 008 | 150415s2015 ii a b 001 0 eng d | ||
| 020 | _a9789383243075 | ||
| 020 | _a9383243074 | ||
| 040 |
_aINU _cINU _erda _dDKAGE _dDLC |
||
| 042 |
_alccopycat _alcode |
||
| 043 | _aa-ii--- | ||
| 082 | 0 | 4 |
_a294.3657 _223 _bASH |
| 100 | 1 |
_aAsher, Frederick M., _eauthor. |
|
| 245 | 1 | 0 |
_aNalanda : _bsituating the great monastery / _cFrederick M. Asher. |
| 300 |
_a140 pages : _bcolor illustrations ; _c31 cm. |
||
| 490 | 0 |
_aMarg's quarterly publications ; _vvolume 66, no. 3 |
|
| 504 | _aIncludes bibliographical references (pages 137-138) and index. | ||
| 650 | 0 |
_aBuddhist antiquities _zIndia _zNālanda. |
|
| 650 | 0 |
_aBuddhist monasteries _zIndia. |
|
| 650 | 0 |
_aBuddhist art _zIndia _zNālandā. |
|
| 650 | 0 |
_aBuddhist architecture _zIndia _zNālandā. |
|
| 651 | 0 | _aNālandā Mahāvihāra Site (India). | |
| 651 | 0 |
_aNālandā (India) _xAntiquities. |
|
| 651 | 0 |
_aIndia _xReligious life and customs. |
|
| 710 | 2 | _aMarg Foundation (Mumbai, India) | |
| 856 | 4 | 2 |
_3Contributor biographical information _uhttp://www.loc.gov/catdir/enhancements/fy1511/2015306020-b.html |
| 906 |
_a7 _bcbc _ccopycat _d3 _encip _f20 _gy-gencatlg |
||
| 942 | _2ddc | ||